Thủ công sáng tạo, tập 5.6A.B: Tớ đã tìm thấy rồi

Gespeichert in:
Bibliographische Detailangaben
Format: Buch
Tags: Tag hinzufügen
Keine Tags, Fügen Sie den ersten Tag hinzu!
Thư viện lưu trữ: Mạng thư viện Đại học Đà Nẵng
LEADER 00442nam a22001691a 4500
001 000039873
003 16168
005 20160412022658.0
008 160412s0 000
082 |a 4N(TK)738-739 
245 |a Thủ công sáng tạo, tập 5.6A.B: Tớ đã tìm thấy rồi 
OWN |a LNN 
999 |a From the UDN01 
TYP |a Monograph 
980 |a Mạng thư viện Đại học Đà Nẵng